| 000 | 00538nam a2200145Ia 4500 | ||
|---|---|---|---|
| 008 | 090122s9999 xx 000 0 und d | ||
| 082 |
_b3459 _aR:65(m) |
||
| 100 |
_aनेने _bवि _cवा |
||
| 245 | _aधर्मक्षेत्रे - कुरूक्षेत्रे | ||
| 600 | _aनेने | ||
| 630 | _aधर्मक्षेत्रे - कुरूक्षेत्रे | ||
| 700 | _aनेने | ||
| 730 | _aधर्मक्षेत्रे - कुरूक्षेत्रे | ||
| 942 | _cBOOK | ||
| 999 |
_c27537 _d27537 |
||